00560nam a2200145Ia 450000500170000000800410001702000180005808200170007610000180009324500290011126000270014030000140016750002210018165000120040220250728154339.0250728s9999 xx 000 0 und d a9780007120222 a949.565bMAZ aMazower, Mark 0aSalonica, City of Ghosts bHarperCollins UKc2005 a533 pages aFrom the author of the greatly praised "Dark Continent" comes a richly textured social history of the Aegean seaport that has been a crossroads of civilization since the dawn of Byzantium. of photos, 8 in full color. aHistory